| 000 | 00705nam a22001697a 4500 | ||
|---|---|---|---|
| 008 | 160525b xxu||||| |||| 00| 0 eng d | ||
| 082 |
_22014 _aUT 0539 _bM37 |
||
| 100 |
_98982 _aMascardo, Kimberly Ann L. |
||
| 245 |
_aRetail service quality and sustainability of convenience store in Digos City/ _cKimberly Ann L. Mascardo, Lovely Jane P. Olquin, Christy Lou R. Bosio and reymond B. Rivera. |
||
| 260 |
_aDigos City: _bUMDC _cOctober 2014. |
||
| 300 |
_a77 pages; _c30 cm. |
||
| 650 | 0 |
_98981 _aBusiness Administration _vMarketing Management _xUndergraduate thesis. |
|
| 700 |
_98978 _aOlquin, Lovely Jane P. |
||
| 700 |
_98979 _aBosio, Christy Lou R. |
||
| 700 |
_98980 _aRivera, Reymond B. |
||
| 942 |
_2ddc _cUT |
||
| 999 |
_c2716 _d2716 |
||